000 00448nam a2200181Ia 4500
001 10232
005 20260306161817.0
008 260306t2007||||xx |||||||||||||| ||spa||
041 _aESP
082 _a909.09
_bS727
100 _aScruton, Roger
_eAUT
245 0 _aCulture counts:
_bfaith and feeling in a world besieged
260 _c2007
300 _a117 páginas :
_c22 cm.
650 _aGEN
654 _aCHU
942 _cLIB
_dJUS
_fJUS
_2ddc
_n
999 _c10232
_d10232